Alle Nationalspieler von Österreich seit 2000 - Statistiken

Allgemein
  • Dieses Quiz wurde 133 mal gespielt
  • Das Durchschnittsergebnis liegt bei 64 aus 215
Antwortstatistiken
Österreich % Korrekt
David Alaba
100%
Marko Arnautovic
96%
Marcel Sabitzer
93%
Konrad Laimer
85%
Alexander Schlager
81%
Christoph Baumgartner
81%
Xaver Schlager
81%
Stefan Lainer
78%
Julian Baumgartlinger
74%
Romano Schmid
74%
Nicolas Seiwald
70%
Aleksandar Dragovic
67%
Martin Harnik
67%
Michael Gregoritsch
63%
Valentino Lazaro
63%
Zlatko Junuzovic
63%
Alessandro Schöpf
59%
Christian Fuchs
59%
Gerd Wimmer
59%
Kevin Wimmer
59%
Martin Hinteregger
59%
Maximilian Wöber
59%
Patrick Wimmer
59%
Philipp Mwene
59%
Alexander Prass
56%
Andreas Ivanschitz
56%
Christopher Trimmel
56%
Florian Kainz
56%
Guido Burgstaller
56%
Marco Friedl
56%
Stefan Posch
56%
Toni Polster
56%
Andreas Ulmer
52%
Emanuel Pogatetz
52%
Erwin Hoffer
52%
Florian Grillitsch
52%
Florian Klein
52%
Lukas Hinterseer
52%
Ramazan Özcan
52%
Yusuf Demir
52%
Andreas Herzog
48%
Ivica Vastic
48%
Junior Adamu
48%
Marc Janko
48%
Martin Stranzl
48%
Patrick Pentz
48%
Philipp Hosiner
48%
Philipp Lienhart
48%
Robert Almer
48%
Sasa Kalajdzic
48%
Sebastian Prödl
48%
Stefan Hierländer
48%
Stefan Maierhofer
48%
Alexander Manninger
44%
Daniel Bachmann
44%
Karim Onisiwo
44%
Kevin Danso
44%
Leopold Querfeld
44%
Marco Grüll
44%
Patrick Wolf
44%
Heinz Lindner
41%
Jakob Jantscher
41%
Kevin Stöger
41%
Louis Schaub
41%
Matthias Seidl
41%
Michael Liendl
41%
Raphael Holzhauser
41%
Andreas Weimann
37%
Dejan Ljubicic
37%
Peter Zulj
37%
Philipp Zulechner
37%
Reinhold Ranftl
37%
Cican Stankovic
33%
Gernot Trauner
33%
Mario Haas
33%
Marko Stankovic
33%
Maximilian Entrup
33%
Niklas Hedl
33%
Pascal Grünwald
33%
Rubin Okotie
33%
Stefan Ilsanker
33%
Ercan Kara
30%
Helge Payer
30%
Moritz Bauer
30%
Pavao Pervan
30%
Roland Linz
30%
Ümit Korkmaz
30%
Andreas Ibertsberger
26%
Christoph Leitgeb
26%
Daniel Beichler
26%
Eduard Glieder
26%
Franz Wohlfahrt
26%
György Garics
26%
Manuel Weber
26%
Marco Djuricin
26%
Markus Schopp
26%
Michael Wagner
26%
Paul Scharner
26%
Rene Aufhauser
26%
Thomas Goiginger
26%
Christian Mayrleb
22%
Dietmar Kühbauer
22%
Günther Neukirchner
22%
Jürgen Macho
22%
Markus Hiden
22%
Markus Suttner
22%
Martin Hiden
22%
Maximilian Ullmann
22%
Michael Baur
22%
Richard Strebinger
22%
Robert Ibertsberger
22%
Roman Kienast
22%
Roman Wallner
22%
Stefan Kulovits
22%
Stefan Schwab
22%
Thomas Höller
22%
Veli Kavlak
22%
Wolfgang Mair
22%
Yasin Pehlivan
22%
Andreas Dober
19%
Christopher Dibon
19%
Ernst Dospel
19%
Ferdinand Feldhofer
19%
Flavius Daniliuc
19%
Jürgen Patocka
19%
Jürgen Säumel
19%
Manuel Ortlechner
19%
Markus Katzer
19%
Martin Amerhauser
19%
Matthias Dollinger
19%
Michael Madl
19%
Michael Svoboda
19%
Peter Schöttel
19%
Roland Kollmann
19%
Ronald Gercaliu
19%
Samson Baidoo
19%
Thomas Mandl
19%
Tobias Lawal
19%
Andreas Lasnik
15%
Andreas Lukse
15%
Andreas Schranz
15%
Anton Ehmann
15%
Bozo Kovacevic
15%
Cem Atan
15%
Christoph Saurer
15%
Daniel Royer
15%
Deni Alar
15%
Ekrem Dag
15%
Franz Schiemer
15%
Gernot Sick
15%
Gilbert Prilasnig
15%
Hannes Eder
15%
Harald Cerny
15%
Klaus Salmutter
15%
Mario Hieblinger
15%
Markus Weissenberger
15%
Michael Mörz
15%
Muhammed Cham
15%
Muhammet Akagündüz
15%
Patrick Bürger
15%
Philipp Schobesberger
15%
Richard Kitzbichler
15%
Roland Goriupp
15%
Roland Kirchler
15%
Roman Mählich
15%
Stefan Stangl
15%
Thomas Eder
15%
Thomas Hickersberger
15%
Zeljko Vukovic
15%
Alen Orman
11%
Alfred Hörtnagl
11%
Andreas Hölzl
11%
Andreas Lipa
11%
Christian Gratzei
11%
Christoph Monschein
11%
David Schnegg
11%
Gernot Plassnegger
11%
Günter Schießwald
11%
Husein Balic
11%
Johannes Ertl
11%
Mario Kienzl
11%
Markus Kiesenebner
11%
Michael Hatz
11%
Patrick Pircher
11%
Philipp Wiesinger
11%
Rolf Landerl
11%
Ronald Brunmayr
11%
Sanel Kuljic
11%
Sebastian Martinez
11%
Stefan Lexa
11%
Thierno Ballo
11%
Thomas Prager
11%
Thomas Schrammel
11%
Thomas Winklhofer
11%
Volkan Kahraman
11%
Walter Kogler
11%
Adrian Grbic
7%
Gerald Strafner
7%
Heinz Arzberger
7%
Joachim Standfest
7%
Jörg Siebenhandl
7%
Manprit Sarkaria
7%
Marcus Pürk
7%
Mathias Honsak
7%
Michael Gspurning
7%
Michael Streiter
7%
Thomas Pichlmann
7%
Tomislav Kocijan
7%
Christopher Drazan
4%
Jürgen Kauz
4%
Jürgen Panis
4%
Thomas Flögel
4%
Yüksel Sariyar
4%
Zeljko Radovic
4%
Raul Florucz
0%
Keine übereinstimmenden Quizze gefunden
Verteilung der Resultate
Anzahl Personen mit jedem Resultat
Perzentil nach korrekt beantworteten Fragen
Ihre Resultats-Entwicklung
Sie haben dieses Quiz noch nicht gespielt